<?xml version='1.0' encoding='UTF-8'?>
  <record xmlns="http://www.loc.gov/MARC21/slim">
    <leader>00000cam a22000007i 4500</leader>
    <controlfield tag="001">ocm68089300</controlfield>
    <controlfield tag="003">OCoLC</controlfield>
    <controlfield tag="005">20250817182733.8</controlfield>
    <controlfield tag="008">980224s1898    ne            000 0 dut d</controlfield>
    <datafield tag="040" ind1=" " ind2=" ">
      <subfield code="a">NLGGC</subfield>
      <subfield code="b">dut</subfield>
      <subfield code="e">fobidrtb</subfield>
      <subfield code="c">NLGGC</subfield>
      <subfield code="d">OCLCO</subfield>
      <subfield code="d">OCLCL</subfield>
      <subfield code="d">OCLCQ</subfield>
    </datafield>
    <datafield tag="029" ind1="0" ind2=" ">
      <subfield code="a">NLGGC</subfield>
      <subfield code="b">166920134</subfield>
    </datafield>
    <datafield tag="035" ind1=" " ind2=" ">
      <subfield code="a">(OCoLC)68089300</subfield>
    </datafield>
    <datafield tag="100" ind1="1" ind2=" ">
      <subfield code="a">Wirtz, Antoon Willem Hubert,</subfield>
      <subfield code="d">1836-1919.</subfield>
      <subfield code="1">https://id.oclc.org/worldcat/entity/E39PCjt6xw9THCBvg69rKxjy8d</subfield>
    </datafield>
    <datafield tag="245" ind1="1" ind2="0">
      <subfield code="a">Overzicht van de opkomst der animale vaccinatie in Nederland en van de wording der Rijkskoepokinrichting (Parc vaccinogène) bij de Rijksveeartsenijschool te Utrecht en hare werking gedurende de eerste 25 jaren, 1873-1897 /</subfield>
      <subfield code="c">door A.W.H. Wirtz.</subfield>
    </datafield>
    <datafield tag="260" ind1=" " ind2=" ">
      <subfield code="a">Utrecht :</subfield>
      <subfield code="b">[Drukkerij "de Industrie" (J. van Druten)],</subfield>
      <subfield code="c">1898.</subfield>
    </datafield>
    <datafield tag="300" ind1=" " ind2=" ">
      <subfield code="a">92 p. ;</subfield>
      <subfield code="c">24 cm.</subfield>
    </datafield>
    <datafield tag="336" ind1=" " ind2=" ">
      <subfield code="a">tekst</subfield>
      <subfield code="b">txt</subfield>
      <subfield code="2">rdacontent/dut</subfield>
    </datafield>
    <datafield tag="337" ind1=" " ind2=" ">
      <subfield code="a">zonder medium</subfield>
      <subfield code="b">n</subfield>
      <subfield code="2">rdamedia/dut</subfield>
    </datafield>
    <datafield tag="338" ind1=" " ind2=" ">
      <subfield code="a">band</subfield>
      <subfield code="b">nc</subfield>
      <subfield code="2">rdacarrier/dut</subfield>
    </datafield>
    <datafield tag="500" ind1=" " ind2=" ">
      <subfield code="a">Bijvoegsel van het 25ste jaarverslag van de Rijksinrichting tot Kweeking van Koepokstof (Parc vaccinogène) bij de Rijksveeartsenijschool te Utrecht.</subfield>
    </datafield>
    <datafield tag="530" ind1=" " ind2=" ">
      <subfield code="a">Ook beschikbaar in microvorm.</subfield>
    </datafield>
    <datafield tag="776" ind1="0" ind2=" ">
      <subfield code="t">Overzicht van de opkomst der animale vaccinatie in Nederland en van de wording der Rijkskoepokinrichting (Parc vaccinogène) bij de Rijksveeartsenijschool te Utrecht en hare werking gedurende de eerste 25 jaren, 1873-1897</subfield>
      <subfield code="w">(NL-LeOCL)358053943</subfield>
    </datafield>
    <datafield tag="830" ind1=" " ind2="0">
      <subfield code="a">Jaarverslag.</subfield>
      <subfield code="w">(NL-LeOCL)860465861</subfield>
    </datafield>
    <datafield tag="936" ind1=" " ind2=" ">
      <subfield code="a">BATCHLOAD</subfield>
    </datafield>
  </record>